Statistics for Countries Closest to San Marino - One Minute Sprint

Click here to take the quiz!

General Stats

  • This quiz has been taken 55 times
  • The average score is 15 of 20

Answer Stats

kmcountrymiles% Correct
0Italy0
100%
259France161
94%
221Vatican City137
90%
141Croatia87
88%
310Switzerland193
88%
291Austria181
85%
388Germany241
79%
524Serbia326
77%
186Slovenia115
77%
587Albania365
73%
271Bosnia and
Herzegovina
169
73%
457Monaco284
73%
526Czechia327
71%
571Slovakia355
71%
421Hungary262
65%
409Liechtenstein254
63%
495Montenegro308
63%
695North Macedonia432
56%
622Kosovo386
54%
653Romania406
50%

Score Distribution

Percentile by Number Answered

Percent of People with Each Score

Your Score History

You have not taken this quiz